Dovidieť do nedovidna. /Spannerová-Nemčíková, Edita./

Bibliographic Details
Main Author: Šimulčíková, Jana, 1937-2025 (Author)
Format: Article
Language:Slovak
PhysicalDescription:Obr. 4.
Subjects:

MARC

LEADER 00000nab a2200000 a 4500
001 vtls000033404
003 SK-MaSNL
005 20260305003221.0
008 111103c1979 xo 0 slo
015 |a SNBRB19rr/mm-uuuuu 
035 |a CL0043498 
040 |a SNKBUCL  |b slo  |c SNKBUCL  |e AACR2 
041 0 |a slo 
044 |a xo  |c SK 
080 |a 75  |2 1981 
080 |a 92 Spannerová-Nemčíková, Edita  |2 1981 
100 1 |a Šimulčíková, Jana,  |d 1937-2025  |4 aut  |9 190254 
245 1 0 |a Dovidieť do nedovidna. /Spannerová-Nemčíková, Edita./  |c Jana Šimulčíková 
300 |b Obr. 4. 
600 1 7 |a Spannring, Petra  |2 snkbucl  |9 66048 
655 7 |a články z novín a časopisov  |2 snkbucl  |9 267496 
773 0 |t Nedeľná Pravda  |g Roč. 12, č. 23 (8. 6. 1979), s. 4 
850 |a Slovenská národná knižnica v Martine  |a MTA001 
852 |a SNK  |b KIS3GCP 
958 |a RK 
992 |a RBX 
999 |c 3229177  |d 3231107